| 000 | 01315cam a2200325 a 4500 | ||
|---|---|---|---|
| 999 |
_c7151 _d7151 |
||
| 001 | 3871870 | ||
| 003 | OSt | ||
| 005 | 20210907121606.0 | ||
| 008 | 890825s1990 enka b 001 0 eng | ||
| 010 | _a 89023870 | ||
| 020 |
_a0198556462 : _c£50.00 ($75.00 U.S.) |
||
| 040 |
_aDLC _cDDC _dDLC |
||
| 050 | 0 | 0 |
_aQD502 _b.G73 1990 |
| 082 | 0 | 0 | _a541.GRA1990 |
| 100 | 1 |
_aGray, Peter, _d1926- _914720 |
|
| 245 | 1 | 0 |
_aChemical oscillations and instabilities : _bNon-linear chemical kinetics / _cEdited by Gray,Peter and Scott,Stephen K. |
| 260 |
_aOxford [England] : _bClarendon Press ; _aOxford ; _aNew York : _bOxford University Press, _c1990. |
||
| 300 |
_axvi,453p; _bill. ; _c24 cm. |
||
| 440 | 4 |
_aThe International series of monographs on chemistry ; _v21 _914722 |
|
| 440 | 0 |
_aOxford science publications _914723 |
|
| 504 | _aIncludes; bibliographical references and index | ||
| 650 | 0 |
_aChemistry _9797 |
|
| 650 | 0 |
_aNonlinear theories. _98364 |
|
| 700 | 1 |
_aScott, Stephen K. _914725 |
|
| 856 | 4 | 2 |
_3Publisher description _uhttp://www.loc.gov/catdir/enhancements/fy0639/89023870-d.html |
| 856 | 4 | 1 |
_3Table of contents only _uhttp://www.loc.gov/catdir/enhancements/fy0639/89023870-t.html |
| 906 |
_a7 _bcbc _corignew _d1 _eocip _f19 _gy-gencatlg |
||
| 942 |
_2ddc _cO_SHELF |
||